[Event "7th Gashimov Memorial-Rapid 2021"]
[Site "Baku"]
[Date "2021.12.18"]
[Round "1.3"]
[White "Anand, Viswanathan"]
[Black "Mamedov, Rauf"]
[Result "1-0"]
[WhiteElo "2751"]
[BlackElo "2656"]
[Annotator "TA"]
[PlyCount "97"]
[EventDate "2021.12.17"]
[EventType "tourn"]
[EventCountry "AZE"]
[SourceTitle "playchess.com"]
[Source "ChessBase"]
[SourceQuality "1"]

{[%evp 25,97,30,44,43,95,87,111,113,117,117,107,124,116,107,139,125,137,142,
149,133,151,147,151,150,185,185,360,349,354,338,407,413,516,322,329,279,404,
343,355,390,392,383,339,337,551,574,556,558,603,605,1038,915,2383,2371,12830,
12831,12831,12831,12831,12833,12835,12835,12835,12835,12836,12836,12838,12839,
12840,12840,12841,12841,12843,12843]} 1. e4 c5 2. Nf3 d6 3. d4 cxd4 4. Nxd4 Nf6
5. Nc3 g6 6. Be3 Bg7 7. f3 Nc6 8. Qd2 O-O 9. O-O-O d5 10. Qe1 e5 11. Nxc6 bxc6
12. exd5 Nxd5 13. Bc4 Be6 14. Kb1 {B76: Sicilian Dragon: Yugoslav Attack, 9 g4
and 9 0-0-0.} f5 ({Better is} 14... Re8 $14) 15. Qd2 $16 {[%cal Rc3d5] [#]} e4
$146 ({Predecessor:} 15... Qh4 16. Bb3 Nxc3+ 17. Qxc3 Bxb3 18. axb3 a5 19. Qxc6
a4 20. g3 Qh3 21. bxa4 Rfc8 22. Qe6+ Kh8 23. Rd7 Rxc2 24. Rhd1 {1-0 (24)
Moiseenko,V (2519)-Lekic,D (2330) Agios Ioannis 2019}) 16. Nxd5 {White is
better.} (16. Bd4 {seems wilder.} e3 17. Bxe3 Bxc3 18. bxc3 Qa5 19. Bd4) 16...
cxd5 17. Bxd5 Qxd5 18. Qxd5 Bxd5 19. Rxd5 f4 20. Bc5 Rfb8 21. b3 ({Much weaker
is} 21. fxe4 $6 Rxb2+ 22. Kc1 Rxa2 $11) 21... e3 22. Bd6 Rd8 {...Bf8 is the
strong threat.} 23. c4 g5 24. Kc2 Rac8 {[#]} 25. Rhd1 $1 a5 $2 (25... h6) 26.
Be7 $18 ({Weaker is} 26. Rxa5 e2 27. Re1 Rxd6 28. Rxe2 h6 $11) 26... Rxd5 27.
Rxd5 {[%mdl 4096] Endgame KRB-KRB} e2 28. Kd2 Rc6 {[#] ( -> ...Re6)} 29. Bxg5
Re6 30. Bh4 Bb2 (30... Re3 $142 31. Rd8+ Kf7) 31. Rxa5 Re3 {White must now
prevent ...Bc3+.} 32. Rg5+ Kh8 33. Rf5 Bc3+ 34. Kc2 e1=Q $2 (34... Bb4 35. Rb5
(35. Rxf4 Rc3+ 36. Kb2 Rd3 $11) 35... e1=Q 36. Bxe1 Bxe1) 35. Bxe1 {White is
clearly winning.} Bxe1 36. Rxf4 {Hoping for Re4. KRB-KR} Bb4 37. c5 Bxc5 38.
Re4 Rxe4 39. fxe4 {Strongly threatening a4. KB-KP} Kg7 40. a4 {[%cal Ba2a4,
Ba4a5,Ba5a6][%mdl 32]} Kf6 41. Kd3 Ke5 42. a5 Bg1 43. h3 {[%cal Bh2h3,Bh3h4]
[%mdl 32]} Kd6 44. b4 Bf2 45. g4 {[%cal Bg2g4,Bg4g5][%mdl 32]} h6 46. Kc4 Be1
47. a6 Bf2 48. h4 Kc7 49. g5 {Black got outplayed after the opening.  Weighted
Error Value: White=0.08 (flawless) /Black=0.52} 1-0

[Event "7th Gashimov Memorial-Rapid 2021"]
[Site "Baku"]
[Date "2021.12.18"]
[Round "1.4"]
[White "Caruana, Fabiano"]
[Black "Asadli, Vugar"]
[Result "1-0"]
[WhiteElo "2792"]
[BlackElo "2579"]
[Annotator "TA"]
[PlyCount "92"]
[EventDate "2021.12.17"]
[EventType "tourn"]
[EventCountry "AZE"]
[SourceTitle "playchess.com"]
[Source "ChessBase"]
[SourceQuality "1"]

{[%evp 20,92,28,0,19,20,17,23,47,41,46,39,69,61,73,89,153,141,150,130,118,86,
100,75,73,38,49,52,64,31,124,118,116,118,127,129,123,102,140,109,181,188,190,
185,166,180,196,169,175,168,187,175,183,189,190,179,180,157,273,282,308,310,
345,286,361,366,401,359,382,347,422,405,409,363,402]} 1. d4 {Malakoff/Primel,D}
d5 2. c4 e6 3. Nc3 Nf6 4. cxd5 exd5 5. Bg5 c6 6. Qc2 h6 7. Bh4 Be7 8. e3 O-O 9.
Nf3 Nbd7 10. Bd3 Re8 11. Bg3 b6 {D36: Queen's Gambit Declined: Exchange
Variation: Main line (5 Bg5 c6 6 Qc2).} 12. O-O {[%cal Oc3b5] White wants to
play Nb5!} Bb7 13. h3 a6 {White has an edge.} 14. Rad1 {[#]} Bb4 $146 ({
Predecessor:} 14... c5 15. Bf5 c4 16. Ne5 b5 17. Ne2 Nf8 18. Qd2 Bd6 19. f4 Qc7
20. Bh2 Rad8 {0-1 (26) Nguyen,C (2439)-Sveshnikov,V (2385) Malakoff 2009 EXT
2010 [Malakoff/Primel,D]}) 15. Bf5 Qe7 16. Bh4 {White is more active.} g5 17.
Bg3 Bd6 {Prevents Ne5.} (17... Bxc3 $142 18. Qxc3 (18. bxc3 Ne4 $14) 18... Ne4)
18. Bxd6 $16 Qxd6 19. Rfe1 Re7 20. Qb3 Rae8 21. Na4 {[%cal Bc3a4,Ba4c5,Bc5d3,
Bd3b4,Bb4c6,Bc6a5,Ba5b3,Bb3d2][%mdl 32]} (21. Ne2 {feels hotter.} c5 22. Ng3 c4
23. Qc2 Kh8 24. h4) 21... b5 22. Bxd7 (22. Rc1 {looks sharper.} Bc8 23. Nc3 c5
24. dxc5 Nxc5 25. Qc2) 22... Nxd7 23. Rc1 Bc8 24. Nc5 Nf8 {White now steadily
converts the win.} (24... g4 $14 25. hxg4 Nxc5 26. Rxc5 (26. dxc5 Qg6 $11)
26... Bxg4) 25. Nd3 f6 26. Qb4 Qc7 27. Qc5 Bb7 28. Nb4 {[%cal Ob4d5] And now
Nxd5! would win.} Ne6 29. Qc2 Qd6 (29... Rg7 $16) 30. Nxc6 $18 Rg7 31. Na5 $1
Bc8 32. Nb3 {Pair of Knights!} Nf8 33. Nbd2 h5 34. e4 g4 {[#]} 35. hxg4 hxg4 {
[#]} 36. e5 $1 fxe5 37. Nxe5 Qh6 {[#]} 38. Nf1 $1 {[%cal Oe5g4] Nxg4! is the
strong threat.} (38. Qc6 $6 Re6 39. Qc3 (39. Qxc8 Rh7 $11) 39... Rh7 $16) 38...
Be6 (38... Rh7 $2 39. Ng3) (38... Ne6 $16 39. Nh2 (39. Qc6 Rf8 $16) 39... Nxd4)
39. Ng3 ({Much less strong is} 39. Qd2 $6 Qxd2 40. Nxd2 g3 41. fxg3 Rxg3 $18)
39... Rh7 40. Qd3 Qf4 41. Qe3 {Chess con chili.} Qf6 42. Rc6 Qh4 43. Qf4 b4 (
43... Bd7 $2 44. Rxa6 b4 45. Rb6 $18 (45. Qf6 {leads to mate.} Qh2+ 46. Kf1
Bb5+ 47. Re2 Qh1+ 48. Nxh1 Rxh1#)) 44. Re3 Qh2+ 45. Kf1 Qh4 46. Ke2 Rg7 {
Weighted Error Value: White=0.12 (very precise) /Black=0.25 (precise)} 1-0

[Event "7th Gashimov Memorial-Rapid 2021"]
[Site "Baku"]
[Date "2021.12.18"]
[Round "2.1"]
[White "Mamedyarov, Shakhriyar"]
[Black "Navara, David"]
[Result "1/2-1/2"]
[WhiteElo "2767"]
[BlackElo "2697"]
[Annotator "TA"]
[PlyCount "70"]
[EventDate "2021.12.17"]
[EventType "tourn"]
[EventCountry "AZE"]
[SourceTitle "playchess.com"]
[Source "ChessBase"]
[SourceQuality "1"]

{[%evp 15,70,6,28,0,0,0,0,0,0,7,7,0,0,0,0,20,35,-6,12,21,22,30,36,19,59,63,89,
89,89,86,54,35,98,104,105,121,129,104,147,0,0,0,0,0,0,0,0,0,0,0,0,0,0,0,0,0,0]
} 1. d4 Nf6 2. c4 e6 3. Nf3 b6 4. a3 Ba6 5. Qc2 Bb7 6. Nc3 c5 7. dxc5 bxc5 8.
Bf4 Nh5 9. Bg5 {E12: Queen's Indian: Unusual White 4th moves, 4 a3, 4 Nc3 Bb7
5 a3 and 4 Nc3 Bb7 .} Be7 10. Bxe7 Qxe7 11. e3 O-O 12. Be2 Nf6 13. O-O Rd8 14.
b4 d6 15. Rfd1 Nbd7 {[#]} 16. Rab1 $146 (16. b5 $14 {was preferrable.}) ({
Predecessor:} 16. b5 Nb6 17. a4 a5 18. Nb1 d5 19. Nbd2 Qc7 20. Rdc1 Rac8 21.
cxd5 Bxd5 22. Qc3 {1-0 (53) Fremmegaard,J (1856)-Moujan,P ICCF email 2016})
16... Rab8 17. b5 d5 18. a4 dxc4 19. Bxc4 Ng4 20. Be2 Nde5 21. Nxe5 Nxe5 22.
Rxd8+ Rxd8 23. Rd1 h5 (23... Rxd1+ $14 24. Qxd1 (24. Bxd1 c4 $11) 24... Qc7)
24. Bxh5 $16 c4 25. Be2 Qg5 {[%csl Gb7][%cal Rg5g2] [#]} 26. e4 Nd3 (26... Qf6
$142) 27. Bxd3 ({White should play} 27. h3 $16) 27... cxd3 $11 {The position
is equal.} 28. Rxd3 Rxd3 29. Qxd3 {[#] Hoping for f3.} Qc1+ 30. Nd1 {Black
must now prevent f3.} Bxe4 31. Qd8+ Kh7 32. Qh4+ Kg8 {[%cal Rc1d1]} 33. Qd8+
Kh7 34. Qh4+ Kg8 {[%cal Rc1d1]} 35. Qd8+ Kh7 {Weighted Error Value: White=0.10
(very precise) /Black=0.10 (very precise)} 1/2-1/2

[Event "7th Gashimov Memorial-Rapid 2021"]
[Site "Baku"]
[Date "2021.12.19"]
[Round "2.1"]
[White "Mamedyarov, Shakhriyar"]
[Black "Asadli, Vugar"]
[Result "1-0"]
[WhiteElo "2767"]
[BlackElo "2579"]
[Annotator "TA"]
[PlyCount "109"]
[EventDate "2021.12.17"]
[EventType "tourn"]
[EventCountry "AZE"]
[SourceTitle "playchess.com"]
[Source "ChessBase"]
[SourceQuality "1"]

{[%evp 16,109,34,29,41,47,46,48,37,49,51,50,60,0,14,0,35,0,25,0,13,16,33,6,18,
12,20,18,20,15,10,23,86,93,82,90,83,76,67,44,197,35,27,11,68,75,75,75,75,75,75,
75,75,75,75,75,126,75,434,75,1212,1045,1339,1216,12822,12824,12825,12827,12826,
12827,12724,8629,5173,1424,12830,12831,12831,12831,12832,12832,12833,12833,
12833,12831,12837,12836,12840,12840,12841,12841,12841,12841,12841,12841,12841,
12837]} 1. d4 d5 2. c4 e6 3. Nc3 c5 4. cxd5 exd5 5. Nf3 {[%cal Bg1f3,Bf3d4,
Bd4b3][%mdl 32]} Nf6 6. g3 Nc6 7. Bg2 cxd4 8. Nxd4 Bc5 9. Nb3 {[%csl LRc5,LRd5]
} Bb6 {D33: Tarrasch Defence: 6 g3 sidelines.} 10. O-O (10. Bxd5 Nb4 11. Bf3
Qxd1+ 12. Kxd1 O-O $11) 10... d4 11. Na4 O-O {White is slightly better.} 12.
Bg5 h6 {[%cal Bh7h6,Bh6h5,Bh5h4][%mdl 32]} 13. Bxf6 Qxf6 14. Rc1 {[#]} ({
Better is} 14. Nxb6 $14 axb6 15. Bxc6 bxc6 16. Qxd4) 14... Rd8 $146 ({
Predecessor:} 14... Re8 15. Re1 Bg4 16. Bf3 Bxf3 17. exf3 Rxe1+ 18. Qxe1 Rd8
19. Qe4 d3 20. Rd1 Ne5 {1-0 (50) Jobava,B (2603)-Srihari,L (2414) Chess.com
INT 2020}) 15. Qd2 (15. Nxb6 axb6 16. Ra1 d3 17. exd3 Qxb2 $15) 15... h5 {
[%cal Od4d3]} 16. Nbc5 (16. Nxb6 axb6 17. a3 h4 $15) 16... h4 (16... Ba5 $5 {
[%cal Ra5d2]} 17. Qd3 h4 $14) 17. b4 Rb8 18. a3 Ne5 19. Nd3 Be6 20. Qf4 Qxf4
21. Nxf4 d3 {White must now prevent ...d2.} 22. Nxe6 (22. Nxb6 d2 23. Nxe6
dxc1=Q 24. Rxc1 fxe6 $17) 22... fxe6 23. exd3 (23. Nxb6 $2 dxe2 24. Na4 (24.
Rfe1 $2 Nd3 $19) 24... exf1=N 25. Bxf1 Rbc8 26. Rxc8 Rxc8 $19) 23... Rxd3 (
23... Nxd3 $11 {remains equal.} 24. Rc2 Bd4) 24. Nxb6 $16 axb6 25. Rfe1 Nf3+
26. Bxf3 Rxf3 27. Rxe6 {[%mdl 4096] Endgame aiming for Re7. KRR-KRR} (27. Kg2
$5 {[%cal Rg2f3]} Rbf8 28. Rxe6 $16) 27... Rbf8 $2 (27... h3 $1 $14) 28. Rc2 $2
(28. Rxb6 Rxf2 29. gxh4 (29. Rxb7 h3 $11) 29... Ra2 $16) (28. gxh4 $6 R8f7 $16)
({White should play} 28. Rc7 $18) 28... h3 $1 $14 29. Re3 ({But not} 29. Rxb6
Rxa3 30. Rc1 Raf3 $14) 29... Rd8 30. Kf1 Rxe3 31. fxe3 $16 {Strongly
threatening Ke2. KR-KR} Rd3 {[%csl LRa3,LRe3]} 32. Kf2 $1 Rxa3 33. g4 $1 Rb3
34. Rc4 $1 Kf7 35. Re4 $1 {Threatens to win with Kg3.} g5 {[#]} (35... Kf6 $142
) 36. Kg3 (36. Re5 $142 $1 {[%cal Re5g5]}) 36... Rb1 $2 {[%mdl 8192] [#]} (
36... Kf6 $16 {is more resistant.}) 37. Kxh3 $2 (37. Re5 $1 $18 Rxb4 38. Rxg5)
37... Rg1 $2 {[%mdl 8192]} (37... Kf6 $16) 38. Re5 $18 {White is clearly
winning.} Kf6 39. Rf5+ Kg6 40. Rb5 Re1 41. Rxb6+ Kf7 42. Rxb7+ Kf6 43. Rb6+ Kf7
44. Rb5 Rxe3+ 45. Kg2 Kf6 46. Rf5+ Kg6 47. b5 Rb3 48. Rd5 Kf6 49. Rc5 Rb2+ 50.
Kf3 Rxh2 51. Ke4 (51. Rf5+ Kg6 52. Rc5 Rb2 $18) 51... Re2+ 52. Kd5 Re5+ 53. Kd4
Re1 54. b6 Rd1+ 55. Ke4 {Weighted Error Value: White=0.37/Black=0.43} 1-0

[Event "7th Gashimov Memorial-Rapid 2021"]
[Site "Baku"]
[Date "2021.12.19"]
[Round "2.1"]
[White "Rapport, Richard"]
[Black "Anand, Viswanathan"]
[Result "1-0"]
[WhiteElo "2763"]
[BlackElo "2751"]
[Annotator "TA"]
[PlyCount "57"]
[EventDate "2021.12.17"]
[EventType "tourn"]
[EventCountry "AZE"]
[SourceTitle "playchess.com"]
[Source "ChessBase"]
[SourceQuality "1"]

{[%evp 9,57,10,10,13,91,82,109,102,118,128,105,56,112,127,125,112,139,126,142,
135,139,129,137,141,128,135,172,190,205,195,212,198,192,180,172,177,240,254,
224,145,192,135,154,109,283,283,279,267,260,258]} 1. e4 e5 2. Nf3 Nc6 3. g3 Bc5
4. Bg2 d6 5. c3 Bb6 6. O-O {[#] C44: Ponziani Opening and Scotch Gambit.} g5
$146 (6... Nf6 $11) ({Predecessor:} 6... Nf6 7. d4 O-O 8. Qd3 exd4 9. Nxd4 Nxd4
10. cxd4 Re8 11. Nc3 c6 12. Bf4 Bg4 {1-0 (69) Oparin,G (2924)-Demidov,M (2793)
Chess.com INT 2018}) 7. a4 g4 8. Nh4 {White is better.} a5 9. Na3 Be6 10. Nf5 (
10. d3 $16) 10... Bxf5 (10... h5 $14) 11. exf5 $16 h5 12. Nc4 {[%cal Od2d4]}
Ba7 {To avoid d4} 13. Qb3 Rb8 {[#]} 14. Qb5 $1 {[%csl LRa5,LRc6]} Kf8 15. Nxa5
(15. Bxc6 $6 bxc6 16. Qxc6 (16. Qxa5 Ra8 $11) 16... h4 $14) 15... Nxa5 16. Qxa5
Bb6 17. Qb4 Qf6 18. a5 Ba7 19. d3 (19. Bxb7 h4 20. a6 hxg3 21. Qxg4 gxf2+ 22.
Rxf2 Nh6 $17) 19... Ne7 20. Be3 (20. Bxb7 h4 21. Qxg4 Rg8 $17) 20... c5 21. Qc4
Nxf5 22. b4 {[%cal Bb2b4,Bb4b5][%mdl 32]} Qg6 (22... b5 $142 23. axb6 Bxb6) 23.
b5 $18 {[#] b6 is the strong threat.} ({Don't do} 23. bxc5 $6 h4 24. d4 exd4
25. Bxd4 (25. cxd4 hxg3 26. Bf4 gxh2+ 27. Kh1 Kg7 $16) 25... Rh6) 23... b6 24.
Be4 {Threatens to win with Bxf5.} h4 (24... bxa5 $16 25. Rxa5 Bb6) 25. axb6 (
25. Bxf5 $18 Qxf5 26. Qd5) 25... Bxb6 $16 26. Ra2 {White is more active.} ({
White should try} 26. Bxf5 Qxf5 27. Qd5) 26... hxg3 $2 (26... Ke7 $16 {might
work better.}) 27. fxg3 $18 {White has a decisive advantage.} Nxe3 28. Bxg6 {
[%csl Gf1,Gg6][%cal Rc4f7] The board is on fire.} Nxc4 29. dxc4 {Weighted
Error Value: White=0.12 (very precise) /Black=0.26 (precise)} (29. Rxf7+ Kg8
30. dxc4 Rh6 $17) 1-0

[Event "7th Gashimov Memorial-Rapid 2021"]
[Site "Baku"]
[Date "2021.12.19"]
[Round "2.1"]
[White "Navara, David"]
[Black "Karjakin, Sergey"]
[Result "1-0"]
[WhiteElo "2697"]
[BlackElo "2743"]
[Annotator "TA"]
[PlyCount "166"]
[EventDate "2021.12.17"]
[EventType "tourn"]
[EventCountry "AZE"]
[SourceTitle "playchess.com"]
[Source "ChessBase"]
[SourceQuality "1"]

{[%evp 16,166,12,6,3,3,14,14,23,14,7,0,0,0,7,0,12,0,0,-29,0,-69,-13,-28,-18,
-12,-12,-12,22,13,75,0,0,0,0,0,0,0,0,0,0,-269,129,117,172,115,227,67,68,40,79,
0,295,271,235,0,0,0,0,0,0,-287,-254,-227,-287,-326,-319,-320,-320,-677,0,0,0,0,
230,0,0,0,0,0,0,0,0,0,0,-516,0,0,0,0,118,98,353,8,95,0,350,0,0,0,112,96,95,103,
99,115,121,120,111,118,159,106,105,8,8,0,0,0,8,8,8,8,3864,253,3500,3218,576,0,
0,0,2483,2233,29963,1202,287,0,29963,0,128,0,0,0,0,-29978,0,-29979,0,-29979,0,
-29978,-29977,-29963,329]} 1. Nf3 {Fier,A} d5 2. e3 Nf6 3. c4 e6 4. Nc3 c5 5.
cxd5 exd5 6. d4 Nc6 7. Bb5 cxd4 8. Nxd4 Bd7 9. O-O Bd6 {D32: Tarrasch Defence:
Sidelines and lines without g3.} 10. Nf3 {[%cal Oe3e4]} Be6 11. b3 O-O {
The position is equal.} 12. Bb2 a6 13. Bxc6 bxc6 14. Rc1 {[#]} Rc8 $146 ({
Predecessor:} 14... c5 15. Na4 Ne4 16. Nd2 Qh4 17. f4 Bg4 18. Nf3 Qh5 19. Nb6
Rad8 20. Qxd5 Bf5 {1-0 (63) Fier,A (2634)-Nikolov,M (2585) Baku 2016 CBM 175 
[Fier,A]}) 15. Qd3 Bg4 16. Qxa6 Nd7 17. Kh1 (17. Nxd5 $2 Bxf3 18. Nf4 Bxf4 19.
exf4 Ra8 $1 $19) 17... Re8 (17... Nc5 $5 18. Qe2 Re8 $11) 18. Nb5 (18. Nxd5 $1
$11 Bxf3 19. gxf3) 18... Nc5 (18... Nb8 $15 19. Qa7 (19. Qa4 Re4 $17) 19...
Bxf3 20. Nxd6 Bxg2+ 21. Kxg2 Qxd6) 19. Qxc8 $1 $11 Bxc8 20. Nxd6 Qxd6 21. Ba3
Bg4 22. Nd4 Qg6 23. Rxc5 ({White should try} 23. Bxc5 $16 Re5 24. Bb6) 23...
Ra8 24. Rxc6 Qd3 {[%cal Rd3f1]} 25. Rfc1 h5 (25... Rxa3 $2 26. Rc8+ $1 {
[%mdl 512]} Bxc8 27. Rxc8#) 26. R6c3 Qd2 27. R3c2 Qd3 28. Bc5 $2 {[%mdl 8192]}
(28. Rc3 $11 {and White stays safe.} Qd2 29. R3c2 $1) 28... Bd7 $2 ({Black
should play} 28... Bd1 $1 $19 {[%cal Rd3f1]} 29. h4 Bxc2 30. Rxc2 Rxa2 $3 {
[%mdl 512]} 31. Rxa2 Qb1+ 32. Kh2 Qxa2) 29. h3 h4 (29... Ra6 $16 {was called
for.} 30. Bb4 Rb6) 30. b4 ({Better is} 30. Bd6 $18) 30... g5 (30... Ba4 $16 {
is a better defense.}) 31. Nf3 $2 (31. b5 $1 $18) 31... Bxh3 $14 32. Nxg5 ({
Don't play} 32. gxh3 Qe4 $11) (32. Bd4 $5 {[%cal Rg2h3]} Bd7 33. Nxg5 $16)
32... Bg4 33. Bd4 Qf5 $2 {[%mdl 8192]} (33... Qg6 $11 34. f4 f6) 34. f4 f6 35.
Rc7 $2 h3 $1 $11 (35... fxg5 36. Rg7+ Kf8 37. Rcc7 Qb1+ 38. Kh2 Qxb4 39. Rh7
$18) (35... Rxa2 $2 36. Nh7 Qxh7 37. Rxh7 Kxh7 38. b5 $18) 36. Rf7 hxg2+ 37.
Kg1 $1 {Chess con chili.} Rf8 (37... Rxa2 $2 38. Bxf6 Qxg5 39. fxg5 $16) 38.
Rxf8+ {[%mdl 8192]} (38. Rfc7 $11 {and White is okay.}) 38... Kxf8 $19 39. Bxf6
{[%cal Oc1c7]} Qd3 40. Bd4 Qd2 41. Ra1 Qe2 42. b5 $2 (42. e4 dxe4 43. Bf2)
42... Qxb5 $2 (42... Bf5 $19 43. b6 Bd3) 43. Kxg2 $11 Bd1 44. a4 Bxa4 (44...
Qe2+ $11 45. Kg3 Ke8) 45. Rh1 $2 (45. f5 $1 $18 {[%cal Rf5f6] Threatens to win
with f6.} Qe2+ 46. Kg3) 45... Bc2 46. Kg3 Qe2 47. Ra1 Ke8 48. Ra7 Qe1+ 49. Kg4
Qd1+ 50. Kg3 $2 {[%mdl 8192]} (50. Kh3 $1 $11 {and White has nothing to worry.}
) 50... Bf5 $2 (50... Qg1+ $19 51. Kh4 Bf5 52. Ra8+ Kd7 53. Ra7+ Kc6) 51. Nf3
Kd8 52. Ne5 Kc8 (52... Qe1+ $11 {keeps the balance.} 53. Kg2 Be4+ 54. Kh3 Bf5+
55. Kg2 Qe2+ 56. Kg3 Qe1+ 57. Kg2) 53. Kh4 $1 $16 ({Reject} 53. Ra8+ $6 Kc7 $11
) 53... Qg1 {[%mdl 8192]} (53... Bc2 $16) 54. Ra8+ $2 ({White has to play} 54.
Bb6 $1 $18 {White wants to mate with Rc7+.} Qb1 55. Ba5) 54... Kb7 (54... Kc7
$11) 55. Ra7+ $2 {[%mdl 8192]} (55. Ra1 $1 $16 {[%cal Ra1g1]} Qh2+ 56. Kg5)
55... Kc8 $18 56. Kh5 $2 (56. Bb6 $1 $18 {Threatening mate with Rc7+.} Qb1 57.
Ba5) 56... Be4 $11 57. Kh6 Qh2+ (57... Qg3 $1 $11 {remains equal.}) 58. Kg5
Qg3+ 59. Kf6 Qh4+ 60. Ke6 {And now Kd6 would win.} Qh6+ 61. Ke7 {Black must
now prevent Nd7.} Bf5 62. Nf7 $1 Qe6+ 63. Kf8 Bg6 64. Be5 (64. Ng5 $1 $16 {
[%cal Rg5e6]} Qe8+ 65. Kg7) 64... Bxf7 65. Rc7+ Kd8 66. Rxf7 {[%mdl 4096]
Endgame KQ-KRB. Active counter play!} Qh6+ 67. Bg7 Qd6+ 68. Kg8 d4 $2 {[%mdl
8192]} (68... Ke8 $11 69. Rf6 Qb4) 69. Bf6+ $1 $18 Kc8 70. Bxd4 Qd5 71. f5 $2 (
71. Kf8 $18 {Strongly threatening f5.} Qd8+ 72. Kg7) 71... Kd8 $11 {( -> ...
Ke8)} 72. Kg7 {f6 is the strong threat.} Qg2+ $2 {[%mdl 8192] [#]} (72... Ke8
$11 73. Rf8+ Kd7) 73. Kf8 $1 $18 Qh1 74. Bg7 (74. Bf6+ $142 Kc8 75. Re7 Qh3 76.
e4 Qa3 77. Bg7 Qf3 78. f6 Kd8 79. f7) 74... Qe4 75. Bd4 $2 (75. Bh6 $18) 75...
Qh1 $1 76. Rg7 $2 (76. Bf6+ Kc8 77. Re7 Qh3 78. e4 Qa3 79. Bg7 Qh3 80. f6 Qh7
81. f7) 76... Qh8+ {[#]} (76... Qe4 $1 $11 77. Rf7 Qg4) 77. Kf7 ({Only move:} 
77. Rg8 $1 $16 {[%cal Rg8h8]} Qh5 78. Bf6+ Kd7 79. Rg7+ Kc6 80. e4 (80. Bg5 Kd5
$16)) 77... Qh5+ 78. Ke6 Qe8+ 79. Re7 $2 {[%mdl 8192]} Qg8+ $2 (79... Qxe7+ 80.
Kd5 Kd7 81. Bc5 Qf6 82. Ke4 Qc6+ 83. Kd4 Qa4+ 84. Kd5 Qc6+ 85. Kd4 Qa4+ 86. Kd5
Qc6+ 87. Kd4) 80. Ke5 $2 {[%mdl 8192]} (80. Kf6 $11) 80... Qg3+ $2 (80... Kxe7
81. Kf4 Qd5 82. f6+ Ke6 83. Kg3 Qc4 84. Kf2 Qd3 85. Kg2 Qf5 86. Kg3 Qf1 87. Bb2
Kf5 88. f7 Ke4 89. Kh4 Qxf7 90. Kg5 Kxe3 91. Bc1+ Ke4 92. Bb2 Qf5+ 93. Kh6 Kd5
94. Bc1 Ke6 95. Kg7 Qf7+ 96. Kh8 Kf5 97. Bd2 Kg6 98. Be3 Qh7#) 81. Kd5 $2 {
[%mdl 8192]} (81. Ke6 $11 Qg4 82. Rg7 Qe4+ 83. Kd6) 81... Qg2+ $2 (81... Kxe7
82. Ke4 Kd6 83. f6 Qg4+ 84. Kd3 Kd5 85. Kc3 Qd1 86. f7 Qf1 87. f8=B Qxf8 88.
Kd3 Qf3 89. Bh8 Qf1+ 90. Kc3 Qc4+ 91. Kd2 Ke4 92. Bg7 Qd3+ 93. Kc1 Kd5 94. Bf8
Kc4 95. Kb2 Qb3+ 96. Ka1 Kc3 97. Ba3 Qxa3+ 98. Kb1 Qb2#) 82. e4 $2 {[%mdl 8192]
} (82. Kd6 $11 Qg3+ 83. Ke6) 82... Qa2+ 83. Ke5 Qa6 $4 {[%mdl 8192] What a
fight!  Weighted Error Value: White=0.77/Black=0.68} (83... Kxe7 {mates} 84.
Kf4 Qd2+ 85. Be3 Qb2 86. e5 Qh2+ 87. Ke4 Qh1+ 88. Kd4 Qg2 89. Kc5 Qc2+ 90. Kd5
Qxf5 91. Bc5+ Kd7 92. Be3 Ke7 93. Bc5+ Kd7 94. Kd4 Qf4+ 95. Kd5 Qf3+ 96. Kd4
Kc6 97. Ba7 Qe2 98. Kc3 Kd5 99. e6 Qc4+ 100. Kd2 Qa2+ 101. Ke1 Qxa7 102. Ke2
Kxe6 103. Kf3 Kf5 104. Kg3 Qe3+ 105. Kh2 Kg4 106. Kh1 Qd2 107. Kg1 Kg3 108. Kh1
Qh2#) 1-0

[Event "7th Gashimov Memorial-Rapid 2021"]
[Site "Baku"]
[Date "2021.12.19"]
[Round "2.1"]
[White "Mamedov, Rauf"]
[Black "Caruana, Fabiano"]
[Result "0-1"]
[WhiteElo "2656"]
[BlackElo "2792"]
[Annotator "TA"]
[PlyCount "92"]
[EventDate "2021.12.17"]
[EventType "tourn"]
[EventCountry "AZE"]
[SourceTitle "playchess.com"]
[Source "ChessBase"]
[SourceQuality "1"]

{[%evp 13,92,16,0,4,2,-4,0,0,0,0,0,-4,0,-40,-35,-52,-35,-43,-48,-43,-52,-37,
-36,-50,-45,-38,-42,-50,-33,-28,0,-38,-35,-101,-106,-194,-190,-205,-189,-445,
-430,-441,-418,-544,-506,-822,-779,-819,-804,-892,-894,-814,-742,-735,-729,
-677,-637,-891,-859,-1543,-1306,-910,-864,-4802,-2660,-2151,-1825,-1103,-1134,
-5800,-5683,-1759,-1190,-5869,-5708,-4710,-2196,-29991,-29992,-29992,-232]} 1.
e4 {[%cal Be2e4,Be4e5][%mdl 32]} c5 2. Nf3 e6 3. c3 Nf6 4. e5 Nd5 5. Bc4 d6 6.
d4 cxd4 7. cxd4 Be7 8. O-O {B22: Sicilian: 2 c3.} O-O 9. Qc2 {[#]} b6 $146 ({
Predecessor:} 9... Nc6 10. Nc3 Nxc3 11. bxc3 dxe5 12. dxe5 b6 13. Qe4 Qc7 14.
Bg5 Bb7 15. Bd3 g6 16. Qh4 Rfe8 17. Rfe1 Bf8 18. Re3 Ne7 19. Nd4 Qxc3 20. Rd1
Qc5 21. Rh3 {1-0 (41) Godena,M (2430)-Martorelli,A (2235) Chianciano Terme 1988
}) 10. Bxd5 {The position is equal.} exd5 11. Nc3 dxe5 12. Nxe5 Be6 13. Bf4 f6
14. Nf3 Nc6 15. Rfe1 Qd7 16. Qa4 {[%cal Oe1e6]} Rac8 17. Rac1 Bf7 18. Nd1 Rfe8
19. Ne3 Bf8 {[%cal Be7f8,Bf8h6,Bh6f4][%mdl 32]} 20. Bg3 g5 {[%cal Bg7g5,Bg5g4]
[%mdl 32]} 21. h3 h5 22. a3 Be6 23. h4 (23. Rc3 $15) 23... g4 $17 {Black
continues to play with concentration.} 24. Nd2 (24. Nh2 $17) 24... Bh6 $19 25.
Rc3 {[#]} f5 $1 {[%cal Bf6f5,Bf5f4][%mdl 32]} 26. Rec1 $2 {[#]} (26. f4) 26...
f4 $1 27. Bxf4 (27. Rxc6 $2 fxg3 28. Ndf1 gxf2+ 29. Kxf2 Qf7+ 30. Kg1 Bd7 31.
Rxc8 Bxa4) 27... Bxf4 28. Rxc6 g3 {Hoping for ...gxf2+.} 29. Ndf1 (29. Nef1
$142 gxf2+ 30. Kxf2) 29... gxf2+ 30. Kxf2 Qf7 31. Rxc8 Bxe3+ ({Not} 31... Rxc8
32. Rxc8+ Bxc8 33. Kg1 $11) ({Weaker is} 31... Bxc8 32. Kg1 $11) 32. Kxe3 Bxc8+
33. Kd3 Bd7 {[%cal Bc8d7,Bd7b5,Bb5e2][%mdl 32]} 34. Qd1 Bb5+ 35. Kc3 Be2 36.
Qd2 Rc8+ 37. Kb3 Bc4+ 38. Rxc4 dxc4+ ({Inferior is} 38... Rxc4 39. Qg5+ Kh7 40.
Ng3 $11) 39. Kc3 Qxf1 {[%mdl 4096] Endgame} 40. Qg5+ Kf8 41. Qh6+ Ke7 42. Qg5+
Qf6 {And now ...Qxg5 would win.} 43. Qxh5 Qf4 {( -> ...Qc1+)} 44. Qe2+ Kd7 45.
Qc2 Qe3+ 46. Kb4 Qb3+ $2 {Weighted Error Value: White=1.21/Black=0.12 (very
precise)} (46... Qd3 {mates} 47. Qc3 a5+ 48. Kb5 Qf5+ 49. Ka4 b5+ 50. Kxa5 Ra8+
51. Kb6 Qe6+ 52. Kc5 Qc6+ 53. Kb4 Ra4#) 0-1